000 00995cad a22002295a 4500
001 L149545
008 100318s2010 xxkd f s 000 0 eng d
035 _a(Sirsi) u149545
041 0 _aeng
050 0 4 _a333.33 $2 18
110 2 _aColliers CRE
_95075
245 0 0 _aProperty snapshot
_bFebruary 2010
_h[electronic resource]
260 _aLondon
_bColliers
_c2010
490 0 _aProperty Snapshot
_vFebruary 2010
520 _aDemand continues to exceed supply in the investment market, with investors keen on west end office property. Investment demand for high street retail properties also remains good. The industrial market is quiet.
590 _aKA
650 2 4 _aCOLLIERS PROPERTY SNAPSHOT
651 4 _aUnited Kingdom
_y
690 _aPROPERTY-COMMERCIAL PROPERTY-COMMERCIAL PROPERTY MARKET
856 4 0 _uhttps://www.collierscre.com/documents/Research-MarketOverview/rese_propertySnapshot_0210.pdf
_zView this report free of charge (PDF file) at www.colliers.com...
942 _n0
999 _c110532
_d110532